| 000 | 00357nam a2200145Ia 4500 | ||
|---|---|---|---|
| 008 | 230312s9999||||xx |||||||||||||| ||und|| | ||
| 082 |
_a005.265 _bLAF-T |
||
| 100 | _aLafore Robert | ||
| 245 | 0 | _aTrubo C | |
| 260 |
_aUSA _c1999 |
||
| 300 | _a794 | ||
| 546 | _aEng. | ||
| 650 |
_aComputer _vThe turbo C Programming Environment.C Building Blocks |
||
| 942 | _cBK | ||
| 999 |
_c3078 _d3078 |
||